Evaluación y propuesta de diseño de un sistema de seguridad ocupacional en los departamentos de producción, mantenimiento y bodega de Productos Gerber de C.A.S.A
Gardado en:
| Autor Principal: | |
|---|---|
| Outros autores: | , |
| Formato: | Libro |
| Publicado: |
San José, C.R.
1999
|
| Materias: | |
| Etiquetas: |
Engadir etiqueta
Sen Etiquetas, Sexa o primeiro en etiquetar este rexistro!
|
MARC
| LEADER | 00000nam a2200000Ia 4500 | ||
|---|---|---|---|
| 003 | 008492 | ||
| 005 | 20221231144209.0 | ||
| 008 | 140114s1999 cr a m 000 ||s d | ||
| 040 | |c cru CEDI | ||
| 090 | |a TFG 4140 | ||
| 100 | |a Navarro Picado, Carla |9 8196 | ||
| 245 | |a Evaluación y propuesta de diseño de un sistema de seguridad ocupacional en los departamentos de producción, mantenimiento y bodega de Productos Gerber de C.A.S.A | ||
| 260 | |c 1999 |a San José, C.R. | ||
| 300 | |a xiv, 262 hojas, [CCL] hojas : ilustraciones (algunas a color) | ||
| 500 | |a Proyecto de graduación (licenciatura en ingenería industrial)--Universidad de costa Rica. Facultad de Ingeniería. Escuela de Ingeniería Industrial | ||
| 650 | |x PRODUCTOS GERBER DE CENTROAMERICA |x SEGURIDAD INDUSTRIAL |x EVALUACION |x COSTA RICA |x ORGANIZACION |x SALUD OCUPACIONAL |x MANUALES |x ACCIDENTES DE TRABAJO |x RIESGOS PROFESIONALES |9 8199 | ||
| 700 | |9 8197 |a Olivares Tinoco, Carolina | ||
| 700 | |9 8198 |a Sáenz Peñaranda, Mónica | ||
| 942 | |c TFG | ||
| 999 | |c 18294 |d 18294 | ||
